<?xml version="1.0" encoding="UTF-8"?>
<record
    xmlns:xsi="http://www.w3.org/2001/XMLSchema-instance"
    xsi:schemaLocation="http://www.loc.gov/MARC21/slim http://www.loc.gov/standards/marcxml/schema/MARC21slim.xsd"
    xmlns="http://www.loc.gov/MARC21/slim">

  <leader>00847nam a22002177a 4500</leader>
  <controlfield tag="001">84052</controlfield>
  <controlfield tag="003">BD-RjUL</controlfield>
  <controlfield tag="005">20240930112951.0</controlfield>
  <controlfield tag="008">240930s2010    bg ||||| |||| 00| 0 ara d</controlfield>
  <datafield tag="035" ind1=" " ind2=" ">
    <subfield code="a">BDRjUL])84052</subfield>
  </datafield>
  <datafield tag="040" ind1=" " ind2=" ">
    <subfield code="a">BDRjUL</subfield>
    <subfield code="b">eng</subfield>
    <subfield code="c">BDRjUL</subfield>
  </datafield>
  <datafield tag="082" ind1=" " ind2=" ">
    <subfield code="2">23</subfield>
    <subfield code="a">892.7409</subfield>
    <subfield code="b">KHA 2010</subfield>
  </datafield>
  <datafield tag="100" ind1=" " ind2=" ">
    <subfield code="a">Alam, Tasnim</subfield>
    <subfield code="9">13633</subfield>
  </datafield>
  <datafield tag="245" ind1=" " ind2=" ">
    <subfield code="a">&#x627;&#x641;&#x643;&#x627;&#x631; &#x627;&#x644;&#x627;&#x635;&#x644;&#x627;&#x62D;&#x627;&#x62A; &#x641;&#x64A; &#x645;&#x624;&#x644;&#x641;&#x627;&#x62A; &#x62A;&#x648;&#x641;&#x64A;&#x642; &#x627;&#x644;&#x627;&#x62D;&#x643;&#x64A;&#x645; = Thoughts about reforms as reflected in the writings of Tawfique al Hkim /</subfield>
    <subfield code="c">Tasnim Alam </subfield>
    <subfield code="6">Muhammad Abdul Aziz Khan</subfield>
  </datafield>
  <datafield tag="260" ind1=" " ind2=" ">
    <subfield code="a">Rajshahi : </subfield>
    <subfield code="b">Depertment of Arabic</subfield>
    <subfield code="c">2010</subfield>
  </datafield>
  <datafield tag="300" ind1=" " ind2=" ">
    <subfield code="a">221 p. ; </subfield>
    <subfield code="c">28 cm</subfield>
  </datafield>
  <datafield tag="505" ind1=" " ind2=" ">
    <subfield code="a">Thesis (Ph. D.) -- Department of Arabic, University of Rajshahi, 2010</subfield>
  </datafield>
  <datafield tag="650" ind1=" " ind2=" ">
    <subfield code="a"> Arabic essays</subfield>
    <subfield code="v">history &amp; Criticism</subfield>
    <subfield code="9">13634</subfield>
  </datafield>
  <datafield tag="700" ind1=" " ind2=" ">
    <subfield code="a">Khan, Muhammad Abdul aziz super   ; visor;</subfield>
    <subfield code="9">13635</subfield>
  </datafield>
  <datafield tag="942" ind1=" " ind2=" ">
    <subfield code="2">ddc</subfield>
    <subfield code="c">THE</subfield>
  </datafield>
  <datafield tag="999" ind1=" " ind2=" ">
    <subfield code="c">84052</subfield>
    <subfield code="d">84052</subfield>
  </datafield>
  <datafield tag="952" ind1=" " ind2=" ">
    <subfield code="1">0</subfield>
    <subfield code="2">ddc</subfield>
    <subfield code="4">0</subfield>
    <subfield code="7">1</subfield>
    <subfield code="8">THESES</subfield>
    <subfield code="a">RUCL</subfield>
    <subfield code="b">RUCL</subfield>
    <subfield code="c">REF</subfield>
    <subfield code="d">2011-06-11</subfield>
    <subfield code="l">0</subfield>
    <subfield code="o"> A  THE  892.7409 KHA 2010</subfield>
    <subfield code="p">D3274</subfield>
    <subfield code="r">2024-09-30 00:00:00</subfield>
    <subfield code="t">C-1</subfield>
    <subfield code="y">THE</subfield>
  </datafield>
</record>
